The role of the stella software package in simulation and modelling (Record no. 76453)

MARC details
000 -CABECERA
campo de control de longitud fija 00645nam a2200217 a 4500
005 - FECHA Y HORA DE LA ÚLTIMA TRANSACCIÓN
campo de control 20210219153426.0
008 - ELEMENTOS DE LONGITUD FIJA--INFORMACIÓN GENERAL
campo de control de longitud fija 991125n 000 0 eng u
035 ## - NÚMERO DE CONTROL DEL SISTEMA
Número de control de sistema UPN01000098105
100 1# - ASIENTO PRINCIPAL--NOMBRE PERSONAL
Nombre de persona Lindfield, G. R
222 ## - TÍTULO CLAVE
Título clave INTERNATIONAL JOURNAL OF MATHEMATICAL EDUCATION IN SCIENCE AND TECHNOLOGY
245 ## - MENCIÓN DE TÍTULO
Título The role of the stella software package in simulation and modelling
300 ## - DESCRIPCIÓN FÍSICA
Extensión 865-880
362 0# - FECHAS DE PUBLICACIÓN Y/O DESIGNACIÓN SECUENCIAL
Fecha de publicación y/o designación secuencial 1992 Vol. 23, no. 6, nov.-dec.
653 0# - TERMINO DE INDIZACION - NO CONTROLADO
Término no controlado ALGEBRA
653 0# - TERMINO DE INDIZACION - NO CONTROLADO
Término no controlado COMPUTADORA
653 0# - TERMINO DE INDIZACION - NO CONTROLADO
Término no controlado ENSEÑANZA
653 0# - TERMINO DE INDIZACION - NO CONTROLADO
Término no controlado MODELO MATEMATICO
653 0# - TERMINO DE INDIZACION - NO CONTROLADO
Término no controlado SOFTWARE EDUCATIVO
904 ## - ELEMENTOS DE DATOS D LOCAL, LDD (RLIN)
a AC
b 035916
905 ## - TIPO DE MATERIAL
Tipo de material Articulo

No items available.